コンテンツを見る

Cytology&Genetics: manual

The manual «Cytology&Genetics» is prepared according to requirements of federal state educational standard of the highest educations (Moscow, 2015) on discipline «Biology». This textbook has been written from many years’ experience of teaching general biology for Bashkir State Medical University...

詳細記述

保存先:
書誌詳細
第一著者: Victorova T. V.
その他の著者: Danilko K. V.
フォーマット: Книга
言語:Russian
出版事項: Уфа БГМУ 2019
オンライン・アクセス:https://e.lanbook.com/book/320747
https://e.lanbook.com/img/cover/book/320747.jpg
タグ: タグ追加
タグなし, このレコードへの初めてのタグを付けませんか!
LEADER 01835nam0a2200289 i 4500
001 320747
003 RuSpLAN
005 20240216150941.0
008 240216s2019 ru gs 000 0 rus
020 |a 978-5-907209-03-9 
040 |a RuSpLAN 
041 0 |a rus 
044 |a ru 
080 |a 575:576(075.8) 
084 |a 28.04+28.05я7  |2 rubbk 
245 0 0 |a Cytology&Genetics: manual  |c Victorova T. V.,Danilko K. V. 
260 |a Уфа  |b БГМУ  |c 2019 
300 |a 185 с. 
504 |a Библиогр.: доступна в карточке книги, на сайте ЭБС Лань 
520 8 |a The manual «Cytology&Genetics» is prepared according to requirements of federal state educational standard of the highest educations (Moscow, 2015) on discipline «Biology». This textbook has been written from many years’ experience of teaching general biology for Bashkir State Medical University students. In this manual the questions of organization of biological systems at the molecular, cellular and organismal levels are presented. By revealing the mechanisms of biological processes, biology promotes understanding of the pathological disturbances that occur in the human body, and provides means both for combating diseases, and for preventing and curing them. The special attention is paid to the importance of modern achievements in the field of biology and genetics for development of modern medicine. The manual is recommended for independent out-of-class work for the 1-st year medical students. 
521 8 |a Книга из коллекции БГМУ - Медицина 
521 8 |a СЭБ 
100 1 |a Victorova T. V. 
700 1 |a Danilko K. V. 
856 4 |u https://e.lanbook.com/book/320747 
856 4 8 |u https://e.lanbook.com/img/cover/book/320747.jpg 
953 |a https://e.lanbook.com/img/cover/book/320747.jpg